000 00315nam a22001337a 4500
008 170424b xxu||||| |||| 00| 0 eng d
020 _a9780131542730
041 _aeng
080 _28TH
_a54
100 _a12
101 _aSHM
245 _aHOW TO SOLVE GENERAL CHEMISTRY PROBLEMS
_cBOIKESS, R.S
942 _2udc
_cBK
999 _c11723
_d11723